Movies Quiz

Random Movies or Director Quiz

HCHS Movie Directors 1 Quiz Stats

 Plays Quiz not verified by Sporcle

Score 0/22 Timer 04:00
0 Plays Today
% Correct
Alfred Hitchcock
94.4%
Quentin Tarantino
85.7%
Francis Ford Copolla
83.6%
Steven Spielberg
83.6%
Stanley Kubrick
81.5%
Billy Wilder
80.4%
Martin Scorsese
80.1%
M. Night Shyamalan
80.1%
Tim Burton
78.7%
Robert Zemeckis
78%
James Cameron
77.6%
% Correct
Woody Allen
77.3%
John Hughes
76.9%
Michael Moore
76.2%
Joel & Ethan Coen
75.9%
Frank Capra
75.6%
Ang Lee
74.8%
Ron Howard
74.1%
Frederico Fellini
72.4%
Ridley Scott
71.7%
Elia Kazan
71.5%
Roman Polanski
68.2%

You're not logged in!

Compare scores with friends on all Sporcle quizzes.
OR
Log In

Show Comments

Extras

Created Feb 8, 2014ReportNominate
Tags:Director Quiz

Top Quizzes Today


Score Distribution

Your Account Isn't Verified!

In order to create a playlist on Sporcle, you need to verify the email address you used during registration. Go to your Sporcle Settings to finish the process.

Report this User

Report this user for behavior that violates our Community Guidelines.

Details: